000
00320nam a2200121Ia 4500
005
20251222141940.0
008
251222s9999||||xx |||||||||||||| ||spa||
082
_a
330.985/A35D
100
_a
Alarco, Germán
245
0
_a
Desafíos para la Economía Peruana 1985-1990
264
_b
Universidad del Pacífico
942
_c
LIB
999
_c
9325
_d
9325